| 000 | 00473nam a22001697a 4500 | ||
|---|---|---|---|
| 003 | OSt | ||
| 005 | 20260504012911.0 | ||
| 008 | 260504b |||||||| |||| 00| 0 eng d | ||
| 040 |
_aDWCL-Main lib _cOC |
||
| 082 | _aCirc. 627.7 B279 | ||
| 100 | _aBarrows, Nat A. | ||
| 245 |
_aBlow all ballast! / _cNat A. Barrows |
||
| 260 |
_aNew York : _bCourt Book Company, _cc1940. |
||
| 300 |
_ax, 298 p. : _bill. ; _c20 cm. |
||
| 650 | _a1.Science | ||
| 942 |
_2ddc _cBK-CIRC _mCirc. _n0 |
||
| 999 |
_c10185 _d10185 |
||